| 000 | 00709nam a22002057a 4500 | ||
|---|---|---|---|
| 999 |
_c63266 _d63266 |
||
| 005 | 20250711141338.0 | ||
| 008 | 250711s2024 en ||||| |||| 00| 0 eng d | ||
| 020 | _a9781782607687 X | ||
| 041 | _aeng | ||
| 080 | _a811.111.1 M-79 | ||
| 100 |
_a Mol, Hans _925639 |
||
| 245 |
_aEnglish for Tourism Hospitality in Higher Education Studies _bCourse Book / _cHans Mol and Edward Alden |
||
| 250 | _a2nd Edition | ||
| 264 |
_aLomdon: _bGarnet, _c2024. |
||
| 300 |
_a159 p.: _bill; _c29 cm. |
||
| 653 | _aEnglish for Tourism ospitality in Higher Education Studies | ||
| 653 | _aინგლისური ენა ტურიზმისთვის | ||
| 700 |
_aAlden, Edward _925640 |
||
| 942 |
_2udc _cBK |
||